01468cam a2200325 a 4500999001700000001000900017005001700026008004100043010001700084020004400101020004100145035002400186040003700210050002700247100002800274245014200302260008500444300004700529504006400576650004300640650004300683650004300726650004600769650004900815700002900864710003500893710005500928942003500983952012401018 c26769d267691566099520170206110501.0090316s2009 nyua bc 001 0 eng  a 2009011043 a9780300146820 (Paperbound : flexicover) a0300146825 (Paperbound : flexicover) a(OCoLC)ocn316233470 aDLCcDLCdYDXdYDXCPdOCLCQdDLC00aN7414.75 b .N48 20091 aBelasco, Daniel,d1975-10aReinventing ritual :bcontemporary art and design for Jewish life /cDaniel Belasco ; with contributions by Arnold M. Eisen ... [et al.]. aNew York :bJewish Museum ;aNew Haven [Conn.] :bYale University Press,cc2009. axiii, 138 p. :bill. (some col.) ;c27 cm. aIncludes bibliographical references (p. 119-123) and index. 0aJewish art and symbolismvExhibitions. 0aJewish arty20th centuryvExhibitions. 0aJewish arty21st centuryvExhibitions. 0aJudaismxLiturgical objectsvExhibitions. 0aJudaismxCustoms and practicesvExhibitions.1 aEisen, Arnold M.,d1951-2 aJewish Museum (New York, N.Y.)2 aContemporary Jewish Museum (San Francisco, Calif.) 2lcccBOOKShN7414.75 .N48 2009 00102lcc4070aMUCbMUCcTECHd2017-02-06eDonation(BFA)l0oN7414.75 .N48 2009p34252r2018-07-23w2017-02-06yBOOKS